| 000 | 012210000a22002170004500 | ||
|---|---|---|---|
| 020 | _a978-84-220-1639-7 | ||
| 082 | 0 | 4 | _aG 306.85 D677f |
| 100 | 1 | _aDonati, Pierpaolo | |
| 245 | 1 | 0 | _aLa familia como raíz de la sociedad / Pierpaolo Donati ; traducido por Carlos Granados García |
| 260 | _aMadrid : Biblioteca de Autores Cristianos | ||
| 300 | _a303 p. | ||
| 440 | 0 | _aCol. Estudios y Ensayos : Pastoral ; no.142 | |
| 501 | _aRústico | ||
| 505 | 0 | 0 | _aLa familia como realidad relacional -- La familia en el horizonte de la historia -- la identidad masculina y femenina: distinciones y relaciones para una familia y una sociedad a medida de la persona humana -- la pareja y la familia: hacia una búsqueda de un "nosotros" en el que el ser uno mismo; Las virtudes de la familia; la familia contemporánea entre los hechos empíricos y normas éticas -- comparación con el pensamiento social católico -- ¿Qué hacer después de la des-institucionalización de la familia? |
| 650 | 1 | 4 | _aFAMILIA - VIDA RELIGIOSA \ VIDA FAMILIAR \ ETICA SOCIAL \ TEOLOGIA SOCIAL |
| 001 | 18362 | ||
| 942 | _cBK | ||
| 999 |
_c44810 _d44810 |
||
| 336 |
_atexto _btxt _2rdacontent |
||
| 337 |
_2rdamedia _asin mediación _bn |
||
| 338 |
_2rdacarrier _avolumen _bnc |
||